00554nam a2200181Ia 4500003000900000008004100009020001800050040001600068080001500084100001800099245008900117260004400206300001600250650004100266650001500307650002800322650002200350IN-BaIIA211028s9999 xx 000 0 eng d a0-471-85371-2 cIIA Library a520.2bTEX aTexerau, Jean 0aHow to make a telescopecJean Texerau  aNew YorkbInterscience Publishersc1957 axiii, 191p. aAstronomy and astrophysics thesaurus aTelescopes aTelescopes construction aTelescopes design